Diploma in International Financial Reporting Practice & Revision Kit

Na minha lista:
Detalhes bibliográficos
Formato: Livro
Idioma:inglês
Publicado em: London BPP Learning Media 2020
Edição:14th Edition
Assuntos:
Tags: Adicionar Tag
Sem tags, seja o primeiro a adicionar uma tag!

MARC

LEADER 00000nam a2200000 4500
001 0272804
005 20240221120026.4
020 |a 9781 5097 3353 8 
020 |a 978-1-5097-3353-8 
020 |a 9781 5097 3355-2 
041 0 |a eng 
044 |a GB 
245 1 0 |a Diploma in International Financial Reporting  |b Practice & Revision Kit 
250 |a 14th Edition 
264 1 |a London  |b BPP Learning Media  |c 2020 
300 |a 238 s. 
610 2 0 |a účtovníctvo 
610 2 0 |a výkazníctvo finančné 
610 2 0 |a vzdelávanie 
610 2 0 |a IFRS